20 największych miast w Niemczech - Statystyki

Ogólne statystyki
  • Ten quiz został rozwiązany 24 221 razy
  • Średni wynik to 10 z 20
Statystyki odpowiedzi
Liczba Ludności Miasto % Poprawnych
3 520 031 Berlin
100%
1 450 381 Monachium
93%
1 787 408 Hamburg
85%
586 181 Dortmund
79%
732 688 Frankfurt nad Menem
78%
1 060 582 Kolonia
70%
560 472 Lipsk
62%
543 825 Drezno
58%
557 464 Brema
52%
623 738 Stuttgart
49%
612 178 Dusseldorf
47%
532 163 Hanower
40%
509 975 Norymberga
37%
318 809 Bonn
32%
582 624 Essen
30%
333 090 Bielefeld
15%
364 742 Bochum
15%
491 231 Duisburg
14%
310 039 Munster
11%
350 046 Wuppertal
9%
Nie znaleziono quizów pasujących do podanych kryteriów
Rozkład punktacji
Procent ludzi z każdym wynikiem
Percentyl według liczby udzielonych odpowiedzi
Twoja historia wyników
Nie rozwiązałeś tego quizu